Cuatro psicologías aplicadas a la educación / (Record no. 131092)

MARC details
000 -LEADER
campo de control de longitud fija 00642nam a2200205 4500
001 - NÚMERO DE CONTROL
campo de control 131092
003 - IDENTIFICADOR DE NÚMERO DE CONTROL
campo de control ES-MaACL
005 - FECHA Y HORA DE LA ÚLTIMA TRANSACCIÓN
campo de control 20250828114219.0
007 - CAMPO FIJO DE DESCRIPCIÓN FÍSICA--INFORMACIÓN GENERAL
campo de control de longitud fija t|
008 - DATOS DE LONGITUD FIJA--INFORMACIÓN GENERAL
campo de control de longitud fija 070214s1978 sp r ||||1| spa d
100 1# - ENTRADA PRINCIPAL--NOMBRE DE PERSONA
Nombre de persona Roberts, Thomas.
9 (RLIN) 97844
245 10 - MENCIÓN DEL TÍTULO
Título Cuatro psicologías aplicadas a la educación /
Mención de responsabilidad, etc. Thomas Roberts ; [traducción de Aurora Cameno].
260 ## - PUBLICACIÓN, DISTRIBUCIÓN, ETC.
Lugar de publicación, distribución, etc. Madrid :
Nombre del editor, distribuidor, etc. Narcea,
Fecha de publicación, distribución, etc. 1978.
300 ## - DESCRIPCIÓN FÍSICA
Extensión 2 v. ;
Dimensiones 24 cm.
490 1# - MENCIÓN DE SERIE
Mención de serie Educación hoy
700 1# - ENTRADA AGREGADA--NOMBRE PERSONAL
Nombre de persona Cameno, Aurora.
9 (RLIN) 34053
830 00 - PUNTO DE ACCESO ADICIONAL DE SERIE-TÍTULO UNIFORME
Título uniforme Colección educación hoy (Narcea)
9 (RLIN) 220320
852 ## - LOCALIZACIÓN
Ubicación ES-MaACL
Número de control de estantería A-9699-9700
Sublocalización o colección R.98893
Holdings
Estatus retirado Estado de pérdida Estado de daño No para préstamo Biblioteca de origen Biblioteca actual Ubicación en estantería Fecha de adquisición Fuente de adquisición Total de préstamos Signatura topográfica completa Código de barras Visto por última vez Precio de reemplazo Tipo de ítem Koha
        Biblioteca del Ateneo de Madrid Biblioteca del Ateneo de Madrid Depósito 1 17/01/2008     A-9699-9700 1136481 23/02/2023 23/02/2023 Libro impreso